|
|
|
|
| LEADER |
00796nab#a2200289#ar4500 |
| 001 |
000008563 |
| 003 |
SVKKK |
| 005 |
20030801132504.0 |
| 008 |
030801c1999 e sloo |
| FMT |
|
|
|
| 038 |
|
|
|a SVKKK
|
| 040 |
|
|
|a SVKKK
|b slo
|e AACR2
|
| 041 |
0 |
|
|a slo
|
| 080 |
|
|
|a 669.
|2 1981
|
| 100 |
1 |
|
|a Pittnerová, Žaneta
|4 aut
|
| 245 |
1 |
0 |
|a ... vykrúcaj, vykrúcaj :
|b Prezident VSŽ, a.s. G. Eichler sa včera stretol s novinármi
|c Pittnerová Žaneta,
|
| 260 |
|
|
|c 1999
|
| 650 |
0 |
4 |
|a Východoslovenské železiarne, Košice
|
| 650 |
0 |
4 |
|a besedy tlačové
|
| 650 |
0 |
4 |
|a situácia súčasná
|z Košice
|
| 773 |
0 |
|
|t Košický večer
|g Roč. 10, č. 179(1999), dát. 0917, s. 1,3
|
| 957 |
|
|
|a Košice
|
| 974 |
|
|
|a Cr
|
| 992 |
|
|
|a RBX
|
| BAS |
|
|
|
| 852 |
|
|
|a SVKKK
|b BIB
|
| 998 |
|
|
|a REG
|